000 00683nam a2200205Ia 4500
003 GCL
005 20240530102906.0
008 140319s9999 xx 000 0 ara d
040 _aGCL /
_cGCL
082 0 4 _a338.9
_bع ت
100 1 _aعادل حسين
245 1 0 _aالتنمية العربية الواقع المراهن والمستقبل /
_cعادل حسين
260 _a[S.N] :
_bمركز دراسات الوحدة العربية ،
_c1984
300 _a357 ص
650 0 4 _aالعالم العربى
650 0 4 _aالتنمية الاقتصادية
650 0 4 _aالبترول
700 1 _aمركز دراسات الوحدة العربية
942 _2ddc
_cBK
999 _c35185
_d35185